000 00417nam a2200205Ia 4500
001 11968
003 GE_BSU
008 181216s||||||||xx |||||||||||||| ||und||
020 _a9780007391585
040 _cGE_BSU
080 _a821.111-32.1
100 _aToyne,Simon
245 _aSanctus
260 _aLondon
260 _bHarper
260 _c2011.
300 _a555p;20cm.
653 _aSanctus
942 _cBK
999 _c45145
_d45145